000
00303nam a22001457a 4500
008
210311b ||||| |||| 00| 0 eng d
020
_a
9780030648076
041
_a
eng
080
_a
781
082
_a
781
100
_a
45
101
_a
MUZ
245
_a
Sound and Light
_c
Wood,W.R
942
_2
udc
_c
BK
999
_c
56320
_d
56320